00349nam a2200121Ia 4500008004100000082001700041100002300058245004600081250000900127260004800136300000800184650003500192191201s2004 xx 000 0 und d a303.342bLAP aLARSON, Charles U. 0aPersuasion : Reception and Responsibility a13th aNew DelhibWadsworth Cengage Learningc2013 a481 aBachelor of Mass Communication